000 00454nam a2200169Ia 4500
003 GCL
008 140319s9999 xx 000 0 ara d
040 _aGCL /
_cGCL
082 0 4 _a415.1
_bع ت
100 1 _aعبده الراجحى
245 1 0 _aالتطبيق النحوى /
_cعبده الراجحى
300 _a319 ص
490 _a
650 0 4 _aاللغة العربية
650 0 4 _aاللغة العربية - النحو
942 _2ddc
_cBK
999 _c42088
_d42088